ՀՀ Գիտությունների ազգային ակադեմիայի հիմնարար գիտական գրադարան  =   Fundamental Scientific Library of NAS RA

Восточно-Предкавказский артезианский бассейн / (Record no. 465193)

MARC details
000 -LEADER
fixed length control field 01058nam a2200193 a 4500
001 - CONTROL NUMBER
control field 000073567
003 - CONTROL NUMBER IDENTIFIER
control field AM-YeHGA
005 - DATE AND TIME OF LATEST TRANSACTION
control field 20250617161100.0
008 - FIXED-LENGTH DATA ELEMENTS--GENERAL INFORMATION
fixed length control field 990910s1964 ||||||||||||||||||||rus d
040 ## - CATALOGING SOURCE
Original cataloging agency AM-YeHGA
090 ## - LOCALLY ASSIGNED LC-TYPE CALL NUMBER (OCLC); LOCAL CALL NUMBER (RLIN)
-- 468391
100 1# - MAIN ENTRY--PERSONAL NAME
Personal name Киссин, И.Г.
245 10 - TITLE STATEMENT
Title Восточно-Предкавказский артезианский бассейн /
Statement of responsibility, etc. И.Г. Киссин ; Отв. ред. И.Я. Пантелеев ; АН СССР. Госстрой СССР. Производственный и научно-исследовательский ин-т по инженерным изысканиям в строительстве.
260 ## - PUBLICATION, DISTRIBUTION, ETC.
Place of publication, distribution, etc. Москва :
Name of publisher, distributor, etc. Наука,
Date of publication, distribution, etc. 1964.
300 ## - PHYSICAL DESCRIPTION
Extent 239 с.
650 14 - SUBJECT ADDED ENTRY--TOPICAL TERM
Topical term or geographic name entry element Физическая география
700 1# - ADDED ENTRY--PERSONAL NAME
Personal name Пантелеев, И.Я.
Relator term ред.
Relationship edt
710 2# - ADDED ENTRY--CORPORATE NAME
Corporate name or jurisdiction name as entry element Производственный и научно-исследовательский институт по инженерным изысканиям в строительстве Госстроя СССР
Holdings
Withdrawn status Lost status Source of classification or shelving scheme Damaged status Not for loan Collection Home library Current library Date acquired Total checkouts Full call number Barcode Date last seen Price effective from Koha item type Public note
    Universal Decimal Classification     General Fundamental Scientific Library Fundamental Scientific Library 14/02/2018   PIII/16475 FL0480424 14/02/2018 14/02/2018 Գրքեր / Books 30 Days Loan
    Universal Decimal Classification     General Fundamental Scientific Library Fundamental Scientific Library 19/02/2018   PIII/17543 FL0480797 19/02/2018 19/02/2018 Գրքեր / Books 30 Days Loan


ՀՀ ԳԱԱ հիմնարար գիտական գրադարան
ՀՀ,Երևան 0019
Մարշալ Բաղրամյան 24/6
հեռախոս:(374-10) 52-47-50
Հետադարձ կապ

All site content, except where otherwise noted, is licensed under a
Creative Commons License